Multiple-Choice-Stadtquiz Bremen - Statistiken

Allgemein
  • Dieses Quiz wurde 2.614 mal gespielt
  • Das Durchschnittsergebnis liegt bei 7 aus 10
Antwortstatistiken
Frage Antwort % Korrekt
Wie heißen berühmte „Musiker“ aus Bremen? Bremer Stadtmusikanten
95%
Bremen liegt in welchem Bundesland? Bremen
93%
Zur "Freien Hansestadt Bremen" gehört... Bremerhaven
91%
Welcher Fluss fließt durch Bremen? Weser
88%
Welches ist das Bremer Autokennzeichen? HB
87%
Wofür ist Bremen bekannt? Bonbons
66%
Wie heißt der Bremer „Stadtpark“? Bürgerpark
64%
Wie heißt eine Ritterstatue, die UNESCO Weltkulturerbe ist, auf dem Marktplatz? Roland
63%
Wie heißt ein Museum in Bremen? Universum Bremen
63%
Was bedeutet der Name "Bremen"? Am Rande
18%
Keine übereinstimmenden Quizze gefunden
Verteilung der Resultate
Anzahl Personen mit jedem Resultat
Perzentil nach korrekt beantworteten Fragen
Ihre Resultats-Entwicklung
Sie haben dieses Quiz noch nicht gespielt